A atlas of Vulval Disease: (Record no. 1342)
[ view plain ]
| 000 -LEADER | |
|---|---|
| fixed length control field | 00734nam a22002297a 4500 |
| 003 - CONTROL NUMBER IDENTIFIER | |
| control field | OSt |
| 005 - DATE AND TIME OF LATEST TRANSACTION | |
| control field | 20150408151039.0 |
| 008 - FIXED-LENGTH DATA ELEMENTS--GENERAL INFORMATION | |
| fixed length control field | 150408b xxu||||| |||| 00| 0 eng d |
| 020 ## - INTERNATIONAL STANDARD BOOK NUMBER | |
| International Standard Book Number | 1853174319 |
| 040 ## - CATALOGING SOURCE | |
| Transcribing agency | DNLM |
| 082 ## - DEWEY DECIMAL CLASSIFICATION NUMBER | |
| Classification number | WP 140 A65m 1997 |
| 100 ## - MAIN ENTRY--PERSONAL NAME | |
| Personal name | Leibowitch Michele |
| 9 (RLIN) | 3563 |
| 245 ## - TITLE STATEMENT | |
| Title | A atlas of Vulval Disease: |
| Remainder of title | A combined dermatological, Gynaecological and venereological approach / |
| Statement of responsibility, etc. | Michele Leibowitch, [et...al] |
| 250 ## - EDITION STATEMENT | |
| Edition statement | 2nd ed. |
| 260 ## - PUBLICATION, DISTRIBUTION, ETC. (IMPRINT) | |
| Place of publication, distribution, etc. | London: |
| Name of publisher, distributor, etc. | Martin Dunitz; |
| Date of publication, distribution, etc. | 1997. |
| 300 ## - PHYSICAL DESCRIPTION | |
| Extent | ix, 196p : |
| Other physical details | col.ill ; |
| Dimensions | 26 cm. |
| 504 ## - BIBLIOGRAPHY, ETC. NOTE | |
| Bibliography, etc | Includes bibliographical references and index. |
| 650 ## - SUBJECT ADDED ENTRY--TOPICAL TERM | |
| Topical term or geographic name as entry element | Vulval Diseases |
| 9 (RLIN) | 3564 |
| 700 ## - ADDED ENTRY--PERSONAL NAME | |
| Personal name | Staughton Richard |
| 9 (RLIN) | 3565 |
| 700 ## - ADDED ENTRY--PERSONAL NAME | |
| Personal name | [et...al] |
| 9 (RLIN) | 867 |
| 942 ## - ADDED ENTRY ELEMENTS (KOHA) | |
| Source of classification or shelving scheme | Other/Generic Classification Scheme |
| Koha item type | Short Loan |
| Withdrawn status | Lost status | Source of classification or shelving scheme | Damaged status | Not for loan | Home library | Current library | Date acquired | Source of acquisition | Inventory number | Total Checkouts | Full call number | Barcode | Date last seen | Price effective from | Koha item type |
|---|---|---|---|---|---|---|---|---|---|---|---|---|---|---|---|
| Other/Generic Classification Scheme | MUST Main Library | MUST Main Library | 08/04/2015 | 2004/22584 | WP 140 A65m 1997 | 2015-0790 | 08/04/2015 | 08/04/2015 | Short Loan | ||||||
| Other/Generic Classification Scheme | MUST Main Library | MUST Main Library | 08/04/2015 | 2004/22583 | WP 140 A65m 1997 | 2015-0791 | 08/04/2015 | 08/04/2015 | Short Loan |
